02588nam a22003377a 4500003000900000008004100009040007100050082004500121110005500166245006800221260003200289300002900321440006800350505143400418650001601852650001401868650001501882650002301897650001801920650001701938650002901955650001901984700002902003700002602032700003102058700003102089700002302120700003202143700002002175710005502195AR-CdUCM190425b ||||| |||| 00| 0 spa d aMUNICIPALIDAD PROVINCIAL DEL CUSCOcBIBLIOTECA MUNICIPAL DEL CUSCO aRev.Univ/N°97/1949bRev.Univ/N°97/1949 aUniversidad Nacional de San Antonio Abad del Cusco aRevista Universitaria :bÓrgano de la Universidad del Cuzco / aCusco :bH.G. Rozas,c1949. a452 páginas. :c20 cm. aRevista UniversitarianAño XXXVIII, 2° semestre 1949, N°97. aContenido: Exposición de motivos del proyecto de ley sobre acumulación facultativa y juicio en contumacia. Francisco Ponce de León. -- Existencialismo filosófico. César Guardia Mayorga. -- ¿Es el socialismo de estado de los incas un precedente de los gobiernos totalitarios?. Julio C. Guerrero. -- Alimentación proteica en el Cuzco. Jorge Kuon Cabello. -- Chinchero un pueblo andino del Sur. Oscar Núñez del Prado. -- Un crimen en la casa de Bitoque. Ángel Carreño. -- Principios de la metodología pedagógica. Wilbert Salas Rodríguez. -- La compañía de Jesús en el Cuzco. Horacio Villanueva Urteaga. -- El inventario del Ccoricancha. Jorge Cornejo Bouroncle. -- Las cartas a Dios. Efraín Morote Best. -- Bolívar. Rafael Aguilar. -- Motivos argentinos peruanos poemas. Rafael Aguilar. -- Cuzco entrañable poemas. Rafael Aguilar. -- Algunas consideraciones sobre cocaismo. Octavio Sandoval. -- La thiosemicarbacida como reactivo de los selenitos y seleniatos. Oswaldo Baca Mendoza. -- Aloys Müller filosofo Alemán cumple setenta años. Marta Strasberger. -- Cesar Vallejo. Luis Eduardo Enríquez. -- Que despierte el leñador de Pablo Neruda. Eustaquio Kallata. -- Informe de la Junta Reorganizadora de la Universidad Nacional del Cuzco presento al señor Ministro de Estado en el despacho de educación pública. Crónica Universitaria. -- Necrología Julian Santisteban Ochoa.  aFilosofía aChinchero aQorikancha aSimón Bolívar  aCesar Vallejo aPablo Neruda aCompañía de Jesús  aAlimentación aCornejo Bouroncle, Jorge aMorote Best, Efraín aPonce de León, Francisco aNúñez del Prado, Oscar aCarreño, Ángel aVillanueva Urteaga, Horacio aAguilar, Rafael aUniversidad Nacional de San Antonio Abad del Cusco